000 00733 a2200217 4500
020 _a059600270X
040 _aDLC
_bDLC
082 0 0 _a005.8
100 1 _aViega, John.
245 1 0 _aNetwork security with OpenSSL
_cJohn Viega, Matt Messier and Pravir Chandra.
246 3 _aNetwork security with Open secure socket layer
250 _a1st ed.
260 _aSebastopol, CA :
_bO'Reilly,
_cc2002.
300 _axiv, 367 p. :
_bill. ;
_c24 cm.
650 0 _aComputer networks
_xSecurity measures.
650 0 _aComputer network protocols.
700 1 _aMessier, Matt.
700 1 _aChandra, Pravir.
856 4 2 _3Publisher description
_uhttp://www.loc.gov/catdir/enhancements/fy0715/2002025832-d.html
942 _cBK
_k005.8 VIE
_2ddc
999 _c6724
_d6724